| 000 | 00941nam a2200241Ia 4500 | ||
|---|---|---|---|
| 003 | OSt | ||
| 005 | 20220923220609.0 | ||
| 006 | a|||||r|||| 00| 0 | ||
| 007 | ta | ||
| 008 | 220922b |||||||| |||| 00| 0 hin d | ||
| 024 | _a187,829 | ||
| 037 | _cTextual | ||
| 040 |
_aARTS _cARTS _bhin |
||
| 041 |
_2hin _ahin |
||
| 082 | _aW3.5, 152N8;1 | ||
| 100 | _aमुखिया, हरबंस, संपा. | ||
| 245 | 0 | _aफजुडलिज्मा और गैरयूरोपीय समाज, अनु आदित्यनारायण सिंह | |
| 246 | _aFajuḍalijmā aur gairayūropīya samāja, anu0 ādityanārāyaṇ sianha | ||
| 260 |
_aनई दिल्ली _b ग्रंथ शिल्पी प्रकाशन _c1998 |
||
| 300 |
_a376 पृ. _ccm. |
||
| 942 |
_hW3.5, 152N8;1 _cTEXL _2CC |
||
| 999 |
_c340906 _d340906 |
||